000 00298nam a22001337a 4500
008 170829b xxu||||| |||| 00| 0 eng d
020 _a9780135034262
041 _aeng
080 _a070
100 _a39
101 _aMED
245 _aINVESTIGATING COMMUNICATION
_cFREY..L.R
942 _2udc
_cBK
999 _c25331
_d25331